00763nam a2200253Ia 4500008004000000020001700040041000800057082001300065100001700078245009000095260001700185300001100202650001300213650001700226650001600243650000700259650000900266650001300275690002600288700001600314906001100330999001900341952014900360210210b2009 xxu||||| |||| 00| 0 eng d a978821848531 aeng a515 KACS aKACZOR (W J) aStudent mathematical library V 21: Problems in mathematical analysis IIIbIntegration aUSAb-c2009 aix,356 aProblems amathematical aintegration ain aIII: aanalysis aMathematical Analysis aNOWAK (M T) a064182 c140409d140409 001040738MathematicsaALbALcRSd2021-02-17eKnowledge World, Bangalore-18g720.00l0o515 KACSp064182r2021-02-17 00:00:00w2021-02-17yBK